000 00292nam a22001337a 4500
008 170810b xxu||||| |||| 00| 0 eng d
020 _a9780130211071
041 _aeng
080 _a004
100 _a35
101 _aSHK
245 _aPROCESS CONTROL MODULES
_cDOYLE,F.J
942 _2udc
_cBK
999 _c23205
_d23205